000 01686cam a22003977a 4500
003 CHAP
005 20220329134108.0
008 971013s1985 r 00010 d
010 _a15282
011 _a16254
035 _a20333
040 _cCHAP
082 0 4 _a581.0972
_bH4 1985
100 0 0 _aHeyden, Doris.
_955117
245 1 0 _aMitología y simbolismo de al flora en el México prehispánico
_c/por Doris Heyden
250 _a2 ed.
260 _aMéxico, D.F. :
_bUNAM. Instituto de Investigaciones Antropológicas,
_c1985
300 _a176 p.
_b: ilus.
490 0 _aUNAM. Instituto de Investigaciones Antropológicas. Serie Antropológica
_v; 44
590 _aBATCH-UPD
_b10
_c20130110
_lUCH01
_h0140
590 _aBATCH-UPD
_b10
_c20130110
_lUCH01
_h1844
590 _aBATCH-UPD
_b10
_c20130409
_lUCH01
_h2138
590 _aBATCH-UPD
_b10
_c20130410
_lUCH01
_h1214
590 _aBATCH-UPD
_b10
_c20130914
_lUCH01
_h0728
590 _aCONVERSION
_b10
_c20130109
_lUCH01
_h1310
650 1 4 _aBotánica
_xHistoria
_xMéxico.
_914555
650 1 4 _aIndios de México
_xReligión y mitología.
_957636
830 0 _aUNAM. Instituto de Investigaciones Antropológicas. Serie Antropológica
_v; 44
_9116111
901 _aBK
942 _cLIBRO
949 _a581.0972 H4 1985
_bBC
_cLIBRO
_d33724000522348
_eLIBRO
_fc.2
_h73329
_i20333
_si
949 _a581.0972 H4 1985
_bBC
_cLIBRO
_d33724000522355
_eLIBRO
_h69321
_i20333
_sb
949 _a581.0972 H4 1985
_bBC
_cLIBRO
_d33724000522454
_eLIBRO
_fc.4
_h77298
_i20333
_si
949 _a581.0972 H4 1985
_bBC
_cLIBRO
_d33724000522488
_eLIBRO
_fc.3
_h77297
_i20333
_si
949 _a581.0972 H4 1985
_bBC
_cLIBRO
_d33724000910501
_eLIBRO
_fc.5
_gDonaciØn
_h104102
_i20333
_si
999 _c15282
_d15282